Winning and Losing U.S. Presidential Tickets - Statistics

General Stats
  • This quiz has been taken 216 times
    170 since last reset
  • The average score is 193 of 276
Answer Stats
Year Party Answer % Correct
1992 Democratic Bill Clinton
98%
1996 Democratic Bill Clinton
98%
1812 Federalist DeWitt Clinton
98%
1804 Democratic-Republican George Clinton
98%
1808 Democratic-Republican George Clinton
98%
2016 Democratic Hillary Clinton
98%
1796 Federalist John Adams
98%
1800 Federalist John Adams
98%
1824 Democratic-Republican John Quincy Adams
98%
1828 National Republican John Quincy Adams
98%
1796 Democratic-Republican Thomas Jefferson
98%
1800 Democratic-Republican Thomas Jefferson
98%
1804 Democratic-Republican Thomas Jefferson
98%
2008 Democratic Barack Obama
95%
2012 Democratic Barack Obama
95%
1848 Free Soil Charles F. Adams
95%
2016 Republican Donald Trump
95%
2020 Republican Donald Trump
95%
2024 Republican Donald Trump
95%
1920 Democratic Franklin D. Roosevelt
95%
1932 Democratic Franklin D. Roosevelt
95%
1936 Democratic Franklin D. Roosevelt
95%
1940 Democratic Franklin D. Roosevelt
95%
1944 Democratic Franklin D. Roosevelt
95%
1980 Republican George H. W. Bush
95%
1984 Republican George H. W. Bush
95%
1988 Republican George H. W. Bush
95%
1992 Republican George H. W. Bush
95%
2000 Republican George W. Bush
95%
2004 Republican George W. Bush
95%
2024 Republican JD Vance
95%
2008 Democratic Joe Biden
95%
2012 Democratic Joe Biden
95%
2020 Democratic Joe Biden
95%
1960 Democratic John F. Kennedy
95%
2020 Democratic Kamala Harris
95%
2024 Democratic Kamala Harris
95%
2016 Republican Mike Pence
95%
2020 Republican Mike Pence
95%
1952 Republican Dwight D. Eisenhower
93%
1956 Republican Dwight D. Eisenhower
93%
1788 Independent George Washington
93%
1792 Independent George Washington
93%
1976 Republican Gerald Ford
93%
1944 Democratic Harry S. Truman
93%
1948 Democratic Harry S. Truman
93%
1976 Democratic Jimmy Carter
93%
1980 Democratic Jimmy Carter
93%
2012 Republican Mitt Romney
93%
1952 Republican Richard Nixon
93%
1956 Republican Richard Nixon
93%
1960 Republican Richard Nixon
93%
1968 Republican Richard Nixon
93%
1972 Republican Richard Nixon
93%
1980 Republican Ronald Reagan
93%
1984 Republican Ronald Reagan
93%
1900 Republican Theodore Roosevelt
93%
1904 Republican Theodore Roosevelt
93%
1912 Progressive Theodore Roosevelt
93%
1860 Republican Abraham Lincoln
91%
1864 National Union Abraham Lincoln
91%
1992 Democratic Al Gore
91%
1996 Democratic Al Gore
91%
2000 Democratic Al Gore
91%
2000 Republican Dick Cheney
91%
2004 Republican Dick Cheney
91%
1964 Democratic Hubert Humphrey
91%
1968 Democratic Hubert Humphrey
91%
1844 Democratic James K. Polk
91%
1816 Democratic-Republican James Monroe
91%
1820 Democratic-Republican James Monroe
91%
2004 Democratic John Kerry
91%
1960 Democratic Lyndon B. Johnson
91%
1964 Democratic Lyndon B. Johnson
91%
1968 Republican Spiro Agnew
91%
1972 Republican Spiro Agnew
91%
2024 Democratic Tim Walz
91%
1976 Democratic Walter Mondale
91%
1980 Democratic Walter Mondale
91%
1984 Democratic Walter Mondale
91%
1908 Republican William Howard Taft
91%
1912 Republican William Howard Taft
91%
1892 Democratic Adlai Stevenson I
89%
1900 Democratic Adlai Stevenson I
89%
1952 Democratic Adlai Stevenson II
89%
1956 Democratic Adlai Stevenson II
89%
1824 Democratic-Republican Andrew Jackson
89%
1828 Democratic Andrew Jackson
89%
1832 Democratic Andrew Jackson
89%
1864 National Union Andrew Johnson
89%
1976 Republican Bob Dole
89%
1996 Republican Bob Dole
89%
1920 Republican Calvin Coolidge
89%
1924 Republican Calvin Coolidge
89%
1988 Republican Dan Quayle
89%
1992 Republican Dan Quayle
89%
1912 Progressive Hiram Johnson
89%
1860 Democratic Herschel V. Johnson
89%
1808 Democratic-Republican James Madison
89%
1812 Democratic-Republican James Madison
89%
2008 Republican John McCain
89%
1988 Democratic Michael Dukakis
89%
1836 Democratic Richard M. Johnson
89%
1992 Independent Ross Perot
89%
1996 Reform Ross Perot
89%
2008 Republican Sarah Palin
89%
2016 Democratic Tim Kaine
89%
1868 Republican Ulysses S. Grant
89%
1872 Republican Ulysses S. Grant
89%
1920 Republican Warren G. Harding
89%
1896 Republican William McKinley
89%
1900 Republican William McKinley
89%
1972 Democratic George McGovern
86%
1884 Democratic Grover Cleveland
86%
1888 Democratic Grover Cleveland
86%
1892 Democratic Grover Cleveland
86%
1872 Republican Henry Wilson
86%
1928 Republican Herbert Hoover
86%
1932 Republican Herbert Hoover
86%
1880 Republican James A. Garfield
86%
1856 Democratic James Buchanan
86%
1876 Republican Rutherford B. Hayes
86%
1912 Democratic Woodrow Wilson
86%
1916 Democratic Woodrow Wilson
86%
1964 Republican Barry Goldwater
84%
1888 Republican Benjamin Harrison
84%
1892 Republican Benjamin Harrison
84%
2004 Democratic John Edwards
84%
1840 Democratic Richard M. Johnson
84%
1944 Republican Thomas E. Dewey
84%
1948 Republican Thomas E. Dewey
84%
1836 Whig William Henry Harrison
84%
1840 Whig William Henry Harrison
84%
1848 Whig Zachary Taylor
84%
1880 Republican Chester A. Arthur
82%
1852 Democratic Franklin Pierce
82%
1968 American Independent George Wallace
82%
1940 Democratic Henry A. Wallace
82%
2000 Democratic Joe Lieberman
82%
1832 Democratic Martin Van Buren
82%
1836 Democratic Martin Van Buren
82%
1840 Democratic Martin Van Buren
82%
1848 Free Soil Martin Van Buren
82%
2012 Republican Paul Ryan
82%
1896 Democratic/Silver William Jennings Bryan
82%
1896 Democratic/Populist William Jennings Bryan
82%
1900 Democratic William Jennings Bryan
82%
1908 Democratic William Jennings Bryan
82%
1796 Democratic-Republican Aaron Burr
80%
1800 Democratic-Republican Aaron Burr
80%
1924 Democratic Charles W. Bryan
80%
1836 Whig John Tyler
80%
1836 Whig John Tyler
80%
1840 Whig John Tyler
80%
1848 Whig Millard Fillmore
80%
1856 Know-Nothing Millard Fillmore
80%
1928 Democratic Al Smith
75%
1984 Democratic Geraldine Ferraro
73%
1856 Democratic John C. Breckinridge
73%
1860 Southern Democratic John C. Breckinridge
73%
1940 Republican Wendell Willkie
73%
1860 Republican Hannibal Hamlin
70%
1804 Federalist Rufus King
70%
1808 Federalist Rufus King
70%
1816 Federalist Rufus King
70%
1876 Democratic Samuel J. Tilden
70%
1852 Democratic William R. King
70%
1824 Democratic-Republican Henry Clay
68%
1832 National Republican Henry Clay
68%
1844 Whig Henry Clay
68%
1920 Democratic James M. Cox
68%
1860 Democratic Stephen A. Douglas
68%
1948 Democratic Alben W. Barkley
66%
1936 Republican Alf Landon
66%
1864 Democratic George B. McClellan
66%
1832 Nullifier Henry Lee
66%
1980 Independent John B. Anderson
66%
1824 Democratic-Republican John C. Calhoun
66%
1824 Democratic-Republican John C. Calhoun
66%
1828 Democratic John C. Calhoun
66%
1932 Democratic John Nance Garner
66%
1936 Democratic John Nance Garner
66%
1988 Democratic Lloyd Bentsen
66%
1960 Republican Henry Cabot Lodge Jr.
64%
1872 Liberal Republican Horace Greeley
64%
1924 Progressive Robert M. La Follette
64%
1912 Democratic Thomas R. Marshall
64%
1916 Democratic Thomas R. Marshall
64%
1800 Federalist Charles C. Pinckney
61%
1804 Federalist Charles C. Pinckney
61%
1808 Federalist Charles C. Pinckney
61%
1928 Republican Charles Curtis
61%
1932 Republican Charles Curtis
61%
1912 Socialist Eugene V. Debs
61%
1860 Constitutional Union John Bell
61%
1972 Democratic Sargent Shriver
61%
1868 Republican Schuyler Colfax
61%
1948 States' Rights Democratic Strom Thurmond
61%
1960 Unpledged Democratic Strom Thurmond
61%
1796 Federalist Thomas Pinckney
61%
1996 Republican Jack Kemp
59%
1856 Republican John C. Frémont
59%
1916 Republican Charles Evans Hughes
57%
1924 Republican Charles G. Dawes
57%
1812 Democratic-Republican Elbridge Gerry
57%
1884 Republican James G. Blaine
57%
1852 Whig Winfield Scott
57%
1904 Democratic Alton B. Parker
55%
1904 Republican Charles W. Fairbanks
55%
1916 Republican Charles W. Fairbanks
55%
1968 Democratic Edmund Muskie
55%
1960 Unpledged Democratic Harry F. Byrd
55%
1848 Democratic Lewis Cass
55%
1816 Democratic-Republican Daniel D. Tompkins
52%
1820 Democratic-Republican Daniel D. Tompkins
52%
1868 Democratic Horatio Seymour
52%
1908 Republican James S. Sherman
52%
1880 Democratic Winfield Scott Hancock
52%
1924 Democratic John W. Davis
50%
1924 Progressive Burton K. Wheeler
48%
1896 Republican Garret Hobart
48%
1844 Democratic George M. Dallas
48%
1904 Democratic Henry G. Davis
48%
1876 Republican William A. Wheeler
48%
1836 Whig Daniel Webster
45%
1992 Independent James Stockdale
43%
1876 Democratic Thomas A. Hendricks
43%
1884 Democratic Thomas A. Hendricks
43%
1968 American Independent Curtis LeMay
41%
1956 Democratic Estes Kefauver
41%
1964 Republican William E. Miller
41%
1948 Republican Earl Warren
34%
1952 Democratic John Sparkman
34%
1888 Republican Levi P. Morton
34%
1824 Democratic-Republican William H. Crawford
34%
1836 Whig Hugh L. White
30%
1892 Populist James B. Weaver
30%
1832 Anti-Masonic William Wirt
30%
1936 Republican Frank Knox
27%
1844 Whig Theodore Frelinghuysen
25%
1872 Liberal Republican Benjamin Gratz Brown
23%
1940 Republican Charles L. McNary
20%
1812 Federalist Jared Ingersoll
20%
1832 Nullifier John Floyd
20%
1944 Republican John W. Bricker
20%
1836 Whig Willie P. Magnum
20%
1864 Democratic George H. Pendleton
18%
1996 Reform Pat Choate
18%
1896 Democratic/Silver Arthur Sewall
16%
1816 Federalist John E. Howard
16%
1832 National Republican John Sergeant
16%
1860 Southern Democratic Joseph Lane
16%
1824 Democratic-Republican Nathan Sanford
16%
1980 Independent Patrick Lucey
16%
1828 National Republican Richard Rush
16%
1892 Republican Whitelaw Reed
16%
1888 Democratic Allen G. Thurman
14%
1928 Democratic Joseph T. Robinson
14%
1824 Democratic-Republican Nathaniel Macon
14%
1912 Republican Nicholas Murray Butler
14%
1848 Democratic William O. Butler
14%
1860 Constitutional Union Edward Everett
11%
1948 States' Rights Democratic Fielding L. Wright
11%
1892 Populist James G. Field
11%
1908 Democratic John W. Kern
11%
1896 Democratic/Populist Thomas E. Watson
11%
1832 Anti-Masonic Amos Ellmaker
9%
1912 Socialist Emil Seidel
9%
1836 Whig Francis Granger
9%
1836 Whig Francis Granger
9%
1868 Democratic Francis Preston Blair Jr.
9%
1884 Republican John A. Logan
9%
1852 Whig William A. Graham
9%
1856 Know-Nothing Andrew J. Donelson
7%
1880 Democratic William H. English
7%
1856 Republican William L. Dalton
7%
No matching quizzes found
Score Distribution
Percent of People with Each Score
Percentile by Number Answered
Your Score History
You have not taken this quiz since the last reset